Forza Etna!

Shranjeno v:
Bibliografske podrobnosti
Glavni avtor: Grasso, Enzo
Format: Knjiga
Jezik:angleščina
Izdano: Catania
Oznake: Označite
Brez oznak, prvi označite!

MARC

LEADER 00000nam a2200000 4500
001 CDOM0000003739
003 mi
005 20250922135107.0
008 250922b |||||||| |||| 00| 0 eng d
040 |c mi 
100 |a Grasso, Enzo 
245 1 |a Forza Etna!  
260 |a Catania 
942 |2 ddc  |c BK 
952 |0 0  |1 0  |2 ddc  |4 0  |7 0  |9 6955  |a MI  |b MI  |d 2009-08-24  |i 5450  |l 0  |p CDOM5450  |r 2025-07-13 16:28:00  |w 2025-07-13  |x ACQUISTO  |y BK 
999 |c 5677  |d 5677